| 000 | 02791nam a2200349 a 4500 | ||
|---|---|---|---|
| 003 | OSt | ||
| 005 | 20250623092639.0 | ||
| 007 | cr ||||||a|a|a | ||
| 008 | 250606s2025 mx a|||fom||| 001 0 spa d | ||
| 040 | _erda | ||
| 100 | 1 |
_aGuerrero Santana, Laura _9190440 |
|
| 245 | 1 | 0 |
_aEspecies de Alternaria spp. asociadas a la pudrición de frutos de bell pepper establecidos bajo cubierta en Sinaloa _cpor Laura Guerrero Santana y Jesús Alfonso Vega Camargo; director de tesis Santos Gerardo Leyva Mir; secretario Elizabeth García León; vocal J. Jesús Magdaleno Villar; suplente Moises Camacho Tapia; suplente Calixto Leopoldo Carrillo Fonseca. |
| 264 | 1 |
_aChapingo, México : _bEl autor, _c2024. |
|
| 300 |
_a1 recurso en línea (194 páginas): _bcuadros, figuras. |
||
| 336 |
_2rdacontent _atexto _btxt |
||
| 337 |
_2rdamedia _acomputadora _bc |
||
| 338 |
_2rdacarrier _arecurso en línea _bcr |
||
| 502 |
_bIAEPA _cParasitología _d2024. _gLIC |
||
| 502 |
_bLAHP _cFitotecnia _d2024. _gLIC |
||
| 504 | _aIncluye referencias bibliográficas: páginas 39-45. | ||
| 520 | _aEl presente estudio tuvo como objetivo principal aislar y caracterizar morfológica y culturalmente al agente causal de la pudrición de frutos de Pimiento Bell Pepper, por lo cual se purificaron y se obtuvieron 6 diferentes aislados provenientes en campos agrícolas establecidos bajo cubierta en el Norte de Sinaloa, México., a los cuales se les sometió a un análisis de varianza para determinar el crecimiento micelial en cajas Petri con medio PDA. Posteriormente, se determinó la patogenicidad y virulencia de los aislados en frutos inoculando en frutos sanos y llevándolos a condiciones favorables para la esporulación del patógeno para así corroborar la reproducción de síntomas in vivo. De los resultados obtenidos, al menos un aislado de Alternaria spp. fue positivo a la prueba de patogenicidad de síntomas, causando así los mismos síntomas que se colectaron originalmente en campo, corroborando con el análisis morfológico del agente causal, correspondiente a los conidios típicos del género Alternaria. | ||
| 650 | 4 |
_aChile pimiento _xEnfermedades por hongos _9133269 |
|
| 650 | 2 |
_aChile pimiento _xCultivos en invernadero _9132665 |
|
| 700 | 1 |
_aVega Camargo, Jesús Alfonso _9190441 |
|
| 700 | 1 |
_aLeyva Mir, Santos Gerardo _edirector de tesis _966581 |
|
| 700 | 1 |
_aGarcía León, Elizabeth _946192 _esecretario. |
|
| 700 | 0 |
_aMagdaleno Villar, J. Jesús _969829 _evocal. |
|
| 700 | 1 |
_aCamacho Tapia, Moises _917710 _esuplente. |
|
| 700 | 1 |
_aCarrillo Fonseca, Calixto Leopoldo _esuplente. _919482 |
|
| 856 |
_uhttp://10.13.5.2/tesis/tl/1210966-5_Y_1212604-2_GUERRERO_SANTANA_LAURA_Y_VEGA_CAMARGO_JESUSALFONSO.pdf _zDESCARGAR PDF |
||
| 942 |
_2Clasificación Universidad Autónoma Chapingo _cTD |
||
| 999 |
_c220560 _d220560 |
||